000 00717nam a2200205 i 4500
001 134857
003 ES-MaACL
005 20230906194746.0
007 t|
008 070629s1951 ag ||||1| spa d
080 _a1Nietzsche, Friedrich Wilhelm
100 1 _aThibon, Gustave.
_9109928
245 1 0 _aNietzsche o El declinar del espíritu /
_cGustave Thibon ; [versión castellana de Leandro de Sesma].
260 _aBuenos Aires :
_bDesclée de Brouwer,
_c[1951]
300 _a203 p. ;
_c20 cm.
600 1 4 _aNietzsche, Friedrich,
_d1844-1900-
_xCrítica e interpretación
_985721
700 0 _aLeandro de Sesma
_c(O.F.M. Cap.)
_9151271
852 _aES-MaACL
_jD-6327
_bR.32203
999 _c134857
_d134857